00437nam a2200133 a 4500008004100000020001500041050001500056100001600071245011200087260004200199350000900241650001200250650004100262120416s1990 ||||||||||||||||| || u a0521445779 aGN 414 Dom aKent, Susan10aDomestic architecture and the use of space: an interdisciplinary cross-cultural studycedited by Susan Kent aCambridgebThe University Pressc1990 a0.00 aCULTURE aARCHITECTURE--CROSS-CULTURAL STUDIES